Compendio di ginecologia moderna ad uso del medico pratico interamente riveduto a ampliato dal C. Michele / (Record no. 44666)

MARC details
000 -LEADER
campo de control de longitud fija 00483nam a2200145 i 4500
001 - NÚMERO DE CONTROL
campo de control 44666
003 - IDENTIFICADOR DE NÚMERO DE CONTROL
campo de control ES-MaACL
007 - CAMPO FIJO DE DESCRIPCIÓN FÍSICA--INFORMACIÓN GENERAL
campo de control de longitud fija t|
008 - DATOS DE LONGITUD FIJA--INFORMACIÓN GENERAL
campo de control de longitud fija 030324s1903 it ||||1| ita d
100 1# - ENTRADA PRINCIPAL--NOMBRE DE PERSONA
Nombre de persona Cinaglia, R.
9 (RLIN) 38848
245 10 - MENCIÓN DEL TÍTULO
Título Compendio di ginecologia moderna ad uso del medico pratico interamente riveduto a ampliato dal C. Michele /
Mención de responsabilidad, etc. R. Cinaglia.
260 ## - PUBLICACIÓN, DISTRIBUCIÓN, ETC.
Lugar de publicación, distribución, etc. Roma :
Nombre del editor, distribuidor, etc. [s.n.,
Fecha de publicación, distribución, etc. 1903] (
Fabricante Tip. Nazionale di G. Bertero)
300 ## - DESCRIPCIÓN FÍSICA
Extensión XVI, 568 p. ;
Dimensiones 15 cm.
852 ## - LOCALIZACIÓN
Ubicación ES-MaACL
Número de control de estantería G-13757
Holdings
Estatus retirado Estado de pérdida Estado de daño No para préstamo Biblioteca de origen Biblioteca actual Ubicación en estantería Fecha de adquisición Fuente de adquisición Total de préstamos Signatura topográfica completa Código de barras Visto por última vez Precio de reemplazo Tipo de ítem Koha
        Biblioteca del Ateneo de Madrid Biblioteca del Ateneo de Madrid Sala Pecera Planta 3 17/01/2008     G-13757 1047009 23/02/2023 23/02/2023 Libro impreso